| 000 | 00570nam a22002177a 4500 | ||
|---|---|---|---|
| 003 | OSt | ||
| 005 | 20140310181955.0 | ||
| 008 | 121120t xxu||||| |||| 00| 0 eng d | ||
| 020 | _a0440403375 | ||
| 050 |
_aPZ 8.9 _b.F453 1957 |
||
| 082 |
_aKF _bF45h 1957 |
||
| 100 |
_aField, Rachel _94746 |
||
| 245 |
_aHitty : _cRachel Field _bher first hundred years / |
||
| 260 |
_aNew York : _b A Yearling Book, _cc1957. |
||
| 300 |
_a262 p. : _bill. ; _c19 cm. |
||
| 541 | _j1 | ||
| 541 | _j2 | ||
| 562 | _e2 | ||
| 650 |
_aFiction. _9746 |
||
| 942 |
_2lcc _cBK-KF _kKF |
||
| 999 |
_c7926 _d7926 |
||